| 000 | 00569nam a22001817a 4500 | ||
|---|---|---|---|
| 005 | 20241106105940.0 | ||
| 010 | _aENG-140422 | ||
| 020 |
_a9789382356394 _c230.00 |
||
| 035 | _aEN-123954 | ||
| 037 | _bDBAD | ||
| 082 | _aN | ||
| 100 |
_aKottoor, Gopikrishnan _973726 |
||
| 245 |
_aU.S.S.S.B.E.: _bUnited Supreme Sovereign Socialist Banana Empire/ _cBy Gopikrishnan Kottoor |
||
| 260 |
_aThiruvananthapuram _bFolio _c2023 |
||
| 270 |
_a3/1, B Street, Chitra Nagar, Vattiyoorkavu _bThiruvananthapuram _e695013 |
||
| 300 |
_a142p. _c21cm(pb) |
||
| 942 |
_2ddc _cEN _hN _mKOT |
||
| 999 |
_c203096 _d203096 |
||